[Event "World Senior chT-50 2019"]
[Site "Rhodes"]
[Date "2019.04.24"]
[Round "9.16"]
[White "Ward, Chris G"]
[Black "Maier, Christian"]
[Result "1/2-1/2"]
[WhiteElo "2425"]
[BlackElo "2325"]
[Annotator "TA"]
[PlyCount "117"]
[EventDate "2019.04.16"]
[EventType "team-tourn"]
[EventCountry "GRE"]
[SourceTitle "playchess.com"]
[Source "ChessBase"]
[SourceQuality "1"]
[WhiteTeam "England"]
[BlackTeam "Germany"]
[WhiteTeamCountry "ENG"]
[BlackTeamCountry "GER"]

{[%evp 9,117,4,18,-23,15,12,34,27,37,35,38,25,29,33,26,21,25,14,18,0,0,0,0,-19,10,-10,-10,-18,0,-1,0,0,11,0,26,0,12,0,0,-11,0,-109,25,-19,0,-26,-11,-9,18,0,59,48,36,15,15,15,47,15,83,82,82,2,3,3,3,3,52,52,52,47,52,1,6,0,0,0,0,0,0,0,0,0,0,0,0,0,0,0,0,0,0,0,0,0,0,0,0,0,0,0,0,0,0,0,0,0,0,0,0,0]} 1. d4 e6 2. c4 b6 3. Nc3 Bb7 4. Nf3 Nf6 5. Bg5 Bb4 6. Nd2 {E12: Queen's Indian: Unusual White 4th moves, 4 a3, 4 Nc3 Bb7 5 a3 and 4 Nc3 Bb7} (6. Bh4 {seems wilder.} h6 7. e3 g5 8. Bg3 Ne4 9. Qc2) 6... Bxc3 7. bxc3 d6 8. f3 {White is slightly better.} Nbd7 {[%cal Bb8d7,Bd7f8,Bf8e6,Be6c5][%mdl 32]} 9. e4 h6 10. Bh4 e5 11. Bd3 Nf8 12. Bf2 Ne6 13. g3 {[#]} O-O $146 ({Predecessor:} 13... Nd7 14. c5 dxc5 15. d5 Ng5 16. h4 Nh7 {1-0 (48) Romanov,E (2576)-Postny,E (2652) Budva 2009}) 14. Nf1 Re8 15. d5 Nc5 16. Ne3 c6 17. dxc6 Bxc6 18. Bc2 Qd7 19. O-O Rac8 20. Nf5 Red8 21. Be3 Kh7 22. Rb1 (22. Qd2 $5 {[%cal Re3h6]} Ng8 23. Rad1 $11) 22... Bb7 23. Qd2 {[%cal Re3h6] Bxh6! is the strong threat.} Ng8 $1 24. Rfd1 Qe6 25. g4 (25. Nxd6 $11 Rc6 26. Bxc5 bxc5 27. Rxb7) 25... Kh8 (25... g6 $17 26. Nxd6 Bxe4 27. fxe4 Rc6 28. Bxc5 bxc5) 26. Bb3 Kh7 27. Qg2 ({Wrong is} 27. Nxd6 $2 Rc6 $19) 27... Nxb3 28. axb3 b5 29. Ra1 bxc4 (29... a6 $11) 30. Rxa7 $14 Rd7 31. bxc4 Rxc4 32. Qb2 Rcc7 33. Bb6 Rc8 {[#]} (33... Rc6 $11) 34. Bf2 $1 $16 Rcc7 {[#]} 35. Rxd6 (35. Qb6 $1 $16) 35... Rxd6 $11 36. Nxd6 Qxd6 37. Rxb7 Ne7 38. Rxc7 Qxc7 39. Qd2 Qc4 40. Kg2 (40. h4 $14) 40... g5 {The position is equal.} 41. Bg3 Ng6 42. Kf2 Kg7 43. Qe3 Kg8 44. Ke1 Kg7 45. Qd2 Kg8 46. Qc2 Kg7 47. Kd2 f6 48. Qd3 Qa2+ 49. Ke1 Qa1+ 50. Kf2 Qb2+ 51. Kg1 Qc1+ 52. Kg2 Qb2+ 53. Kh3 Qc1 54. c4 Qg1 55. Qe2 Kf7 56. Qd3 Kg7 57. Qd7+ Kg8 {[%cal Rg1f1]} 58. Qd5+ Kg7 {[%cal Rg1f1]} 59. Qd7+ {Accuracy: White = 39%, Black = 51%.} 1/2-1/2

[Event "World Senior chT-50 2019"]
[Site "Rhodes"]
[Date "2019.04.24"]
[Round "9.17"]
[White "Wallner, Joachim"]
[Black "Yrjola, Jouni"]
[Result "1/2-1/2"]
[WhiteElo "2271"]
[BlackElo "2327"]
[Annotator "NA"]
[PlyCount "20"]
[EventDate "2019.04.16"]
[EventType "team-tourn"]
[EventCountry "GRE"]
[SourceTitle "playchess.com"]
[Source "ChessBase"]
[SourceQuality "1"]
[WhiteTeam "Austria"]
[BlackTeam "Finland"]
[WhiteTeamCountry "AUT"]
[BlackTeamCountry "FIN"]
[TimeControl "40/5400+30:1800+30"]

1. b3 {[%emt 0:00:00]} e5 {[%emt 0:00:13]} 2. Bb2 {[%emt 0:00:00]} d6 {[%emt 0:01:00]} 3. e3 {[%emt 0:00:12]} Nf6 {[%emt 0:00:10]} 4. c4 {[%emt 0:00:17]} g6 {[%emt 0:00:21]} 5. d3 {[%emt 0:01:44]} Bg7 {[%emt 0:00:37]} 6. Nf3 {[%emt 0:00:12]} O-O {[%emt 0:00:20]} 7. Be2 {[%emt 0:00:03]} Re8 {[%emt 0:04:10]} 8. O-O {[%emt 0:01:50]} Nbd7 {[%emt 0:02:45]} 9. Nc3 {[%emt 0:02:32]} c6 {[%emt 0:03:52]} 10. Qc2 {[%emt 0:03:03]} a6 {[%emt 0:01:04]} 1/2-1/2

[Event "World Senior chT-50 2019"]
[Site "Rhodes"]
[Date "2019.04.24"]
[Round "9.18"]
[White "Viljava, Tapani"]
[Black "Denk, Adolf"]
[Result "1/2-1/2"]
[WhiteElo "2159"]
[BlackElo "2255"]
[Annotator "NA"]
[PlyCount "36"]
[EventDate "2019.04.16"]
[EventType "team-tourn"]
[EventCountry "GRE"]
[SourceTitle "playchess.com"]
[Source "ChessBase"]
[SourceQuality "1"]
[WhiteTeam "Finland"]
[BlackTeam "Austria"]
[WhiteTeamCountry "FIN"]
[BlackTeamCountry "AUT"]
[TimeControl "40/5400+30:1800+30"]

1. c4 {[%emt 0:00:00]} g6 {[%emt 0:00:10]} 2. g3 {[%emt 0:00:59]} Bg7 {[%emt 0:00:08]} 3. Bg2 {[%emt 0:00:06]} Nf6 {[%emt 0:00:38]} 4. Nc3 {[%emt 0:00:30]} d6 {[%emt 0:05:49]} 5. e3 {[%emt 0:10:53]} O-O {[%emt 0:01:12]} 6. Nge2 {[%emt 0:00:17]} c6 {[%emt 0:03:13]} 7. O-O {[%emt 0:03:51]} Nbd7 {[%emt 0:03:19]} 8. Rb1 {[%emt 0:09:57]} Nb6 {[%emt 0:07:56]} 9. b3 {[%emt 0:06:17]} d5 {[%emt 0:00:55]} 10. cxd5 {[%emt 0:07:58]} Nbxd5 {[%emt 0:05:09]} 11. d4 {[%emt 0:04:16]} Bg4 {[%emt 0:05:30]} 12. Bb2 {[%emt 0:19:22]} Nxc3 {[%emt 0:13:02]} 13. Bxc3 {[%emt 0:00:06]} Qd7 {[%emt 0:00:08]} 14. Qc2 {[%emt 0:09:38]} Bh3 {[%emt 0:03:38]} 15. Bxh3 {[%emt 0:02:34]} Qxh3 {[%emt 0:00:02]} 16. Nf4 {[%emt 0:00:09]} Qf5 {[%emt 0:04:14]} 17. Qxf5 {[%emt 0:01:36]} gxf5 {[%emt 0:00:02]} 18. Bb4 {[%emt 0:03:20]} Rfe8 {[%emt 0:00:15]} 1/2-1/2

[Event "World Senior chT-50 2019"]
[Site "Rhodes"]
[Date "2019.04.24"]
[Round "9.19"]
[White "Druckenthaner, Andreas"]
[Black "Salonen, Jyrki"]
[Result "1-0"]
[WhiteElo "2304"]
[BlackElo "2162"]
[Annotator "NA"]
[PlyCount "81"]
[EventDate "2019.04.16"]
[EventType "team-tourn"]
[EventCountry "GRE"]
[SourceTitle "playchess.com"]
[Source "ChessBase"]
[SourceQuality "1"]
[WhiteTeam "Austria"]
[BlackTeam "Finland"]
[WhiteTeamCountry "AUT"]
[BlackTeamCountry "FIN"]
[TimeControl "40/5400+30:1800+30"]

1. e4 {[%emt 0:00:00]} d6 {[%emt 0:00:03]} 2. d4 {[%emt 0:00:00]} g6 {[%emt 0:00:44]} 3. Nf3 {[%emt 0:00:28]} c6 {[%emt 0:00:55]} 4. Bc4 {[%emt 0:01:43]} d5 {[%emt 0:01:02]} 5. Bb3 {[%emt 0:00:37]} Bg4 {[%emt 0:07:12]} 6. h3 {[%emt 0:04:54]} Bxf3 {[%emt 0:00:16]} 7. Qxf3 {[%emt 0:00:09]} e6 {[%emt 0:05:22]} 8. Nd2 {[%emt 0:01:31]} Bg7 {[%emt 0:01:02]} 9. c3 {[%emt 0:00:19]} Ne7 {[%emt 0:02:27]} 10. O-O {[%emt 0:00:53]} O-O {[%emt 0:00:36]} 11. Re1 {[%emt 0:05:18]} Nd7 {[%emt 0:06:43]} 12. exd5 {[%emt 0:04:34]} cxd5 {[%emt 0:02:41]} 13. Nf1 {[%emt 0:00:11]} Nc6 {[%emt 0:03:31]} 14. Nh2 {[%emt 0:01:35]} Qe7 {[%emt 0:14:30]} 15. Bxd5 {[%emt 0:02:35]} exd5 {[%emt 0:03:39]} 16. Rxe7 {[%emt 0:00:08]} Nxe7 {[%emt 0:00:05]} 17. Bf4 {[%emt 0:02:40]} Rfe8 {[%emt 0:02:55]} 18. Ng4 {[%emt 0:03:44]} h5 {[%emt 0:03:19]} 19. Ne3 {[%emt 0:02:24]} Nb6 {[%emt 0:02:13]} 20. Bc7 {[%emt 0:02:54]} Bh6 {[%emt 0:04:19]} 21. Bxb6 {[%emt 0:02:40]} Bxe3 {[%emt 0:00:54]} 22. Bc5 {[%emt 0:00:37]} Bh6 {[%emt 0:00:20]} 23. Bxe7 {[%emt 0:02:36]} Rxe7 {[%emt 0:00:06]} 24. Qxd5 {[%emt 0:00:08]} Re2 {[%emt 0:01:03]} 25. Qxb7 {[%emt 0:01:36]} Rae8 {[%emt 0:06:55]} 26. Rd1 {[%emt 0:06:20]} h4 {[%emt 0:00:27]} 27. Rf1 {[%emt 0:11:29]} Bf4 {[%emt 0:02:47]} 28. a4 {[%emt 0:04:01]} Re1 {[%emt 0:02:22]} 29. Qb5 {[%emt 0:12:10]} R8e7 {[%emt 0:04:41]} 30. Qd3 {[%emt 0:01:38]} R7e2 {[%emt 0:03:14]} 31. Qf3 {[%emt 0:04:07]} g5 {[%emt 0:02:26]} 32. b4 {[%emt 0:02:04]} Bd2 {[%emt 0:04:16]} 33. Rxe1 {[%emt 0:01:29]} Rxe1+ {[%emt 0:00:08]} 34. Kh2 {[%emt 0:00:05]} Rc1 {[%emt 0:00:54]} 35. Qd3 {[%emt 0:01:33]} Bxc3 {[%emt 0:01:37]} 36. Qe3 {[%emt 0:00:44]} Rc2 {[%emt 0:01:21]} 37. Qxg5+ {[%emt 0:00:11]} Kf8 {[%emt 0:00:14]} 38. Qf5 {[%emt 0:00:55]} Rc1 {[%emt 0:01:26]} 39. Qc5+ {[%emt 0:00:38]} Ke8 {[%emt 0:00:24]} 40. b5 {[%emt 0:00:00]} Bd2 {[%emt 0:00:00]} 41. Qe5+ {[%emt 0:02:40]} 1-0

[Event "World Senior chT-50 2019"]
[Site "Rhodes"]
[Date "2019.04.24"]
[Round "9.21"]
[White "Grant, Jonathan I M"]
[Black "Mitrandzas, Athanasios"]
[Result "1/2-1/2"]
[WhiteElo "2226"]
[BlackElo "2055"]
[Annotator "TA"]
[PlyCount "120"]
[EventDate "2019.04.16"]
[EventType "team-tourn"]
[EventCountry "GRE"]
[SourceTitle "playchess.com"]
[Source "ChessBase"]
[SourceQuality "1"]
[WhiteTeam "Scotland"]
[BlackTeam "Greece"]
[WhiteTeamCountry "SCO"]
[BlackTeamCountry "GRE"]

{[%evp 15,120,-2,36,12,20,17,16,20,50,58,50,38,25,19,19,19,19,21,14,0,0,0,21,0,0,0,131,106,202,200,175,148,152,161,206,5,5,5,8,7,8,8,8,0,7,0,16,16,16,16,33,11,11,11,57,0,0,0,4,4,4,0,0,0,8,4,8,0,8,4,4,4,4,4,4,0,11,4,11,11,11,8,8,8,8,8,8,8,8,8,8,8,8,8,8,8,8,8,8,0,0,0,0,0,0,0,0]} 1. c4 c5 2. Nc3 Nc6 3. g3 g6 4. Bg2 Bg7 5. e4 e6 6. Nge2 Nge7 7. O-O O-O 8. d3 Nd4 9. Rb1 {A36: Symmetrical English vs ...g6: 4 Bg2 Bg7} Nec6 10. a3 a5 11. Nxd4 cxd4 $146 ({Predecessor:} 11... Nxd4 12. Be3 {½-½ (41) Leito,P (2347)-Kulaots,K (2542) Kilingi Nomme 2002}) 12. Nb5 d6 13. b4 e5 14. Bd2 axb4 15. axb4 Be6 16. Qc2 Qd7 17. Ra1 f5 18. Rxa8 Rxa8 19. f4 exf4 20. Bxf4 Nxb4 (20... fxe4 $11 21. Bxe4 Nxb4) 21. Qd2 Nc6 (21... Ra4 $16 {keeps fighting.}) 22. exf5 $18 ({Resist} 22. Bxd6 $6 Kh8 $16) 22... Bxf5 23. Bd5+ ({Don't take} 23. Bxd6 $6 Kh8 $14) 23... Kh8 24. Nxd6 {[#] aiming for Nf7+.} Be6 25. Nxb7 $2 (25. Qe2 $18 Bg8 26. Rb1) 25... Bxd5 $11 26. Nc5 Qe7 {Threatens to win with ...Bxc4.} 27. cxd5 Qxc5 28. dxc6 Qxc6 29. Rc1 Qe6 30. Re1 Qb3 31. Qg2 Rf8 32. Qe4 Qb5 33. Ra1 g5 34. Bd6 Qb2 35. Rf1 ({Better is} 35. Qe1 $1 $14 Rc8 36. Be5) 35... Rxf1+ {The position is equal.} 36. Kxf1 Qc1+ 37. Kg2 {[#] Qe8+ would kill now.} Qc2+ 38. Kg1 {Threatening mate with Qe8+.} Qc1+ 39. Kf2 {White threatens Qe8+ and mate.} h6 (39... Qd2+ {looks sharper.} 40. Kg1 Qd1+ 41. Kf2 Qd2+) 40. Qe8+ Kh7 41. Qe4+ Kh8 42. g4 Qb2+ 43. Kg3 Qb5 44. Kf3 Qb1 45. Kf2 Qc1 46. Bg3 (46. Qe8+ {is interesting.} Kh7 47. Bg3 Qc2+ 48. Qe2 Qc5 49. Kf3) 46... Qc5 47. Kg2 Qb5 48. h4 gxh4 49. Bxh4 Qc5 50. Bg3 Qb5 51. Bf4 Qb2+ 52. Kf3 Qb1 53. Kf2 Qb2+ 54. Qe2 Qb5 55. Kg3 Qb1 56. Kh2 Qb5 57. Qe6 Qxd3 58. Bxh6 Bxh6 59. Qxh6+ Qh7 60. Qxh7+ Kxh7 {Accuracy: White = 45%, Black = 69%.} 1/2-1/2

[Event "World Senior chT-50 2019"]
[Site "Rhodes"]
[Date "2019.04.24"]
[Round "9.22"]
[White "Ilandzis, Spyridon"]
[Black "Farrell, Neil"]
[Result "1/2-1/2"]
[WhiteElo "2021"]
[BlackElo "2132"]
[Annotator "TA"]
[PlyCount "105"]
[EventDate "2019.04.16"]
[EventType "team-tourn"]
[EventCountry "GRE"]
[SourceTitle "playchess.com"]
[Source "ChessBase"]
[SourceQuality "1"]
[WhiteTeam "Greece"]
[BlackTeam "Scotland"]
[WhiteTeamCountry "GRE"]
[BlackTeamCountry "SCO"]

{[%evp 17,105,0,0,-4,10,-21,-13,-22,-18,-68,-68,-81,-73,-73,-63,-98,-85,-80,-48,-39,-26,-37,-22,-63,-10,-10,1,0,4,20,0,-51,-41,-38,-30,-30,-29,-23,-29,-25,0,-45,-38,-64,0,-116,-114,-110,-104,-104,-79,-103,0,-68,0,-152,-6,-129,0,0,0,-134,0,0,0,-139,0,0,0,0,0,0,0,0,0,0,0,0,0,0,0,0,0,0,0,0,0,0,0,0]} 1. d4 e6 2. Nf3 Nf6 3. Bf4 d5 4. e3 Bd6 5. Bg3 O-O 6. Bd3 c5 7. c3 b6 8. Nbd2 Bb7 9. Ne5 Nc6 10. O-O {D02: 1 d4 d5 2 Nf3 sidelines, including 2...Nf6 3 g3 and 2...Nf6 3 Bf4} Ne7 (10... Qc7 11. f4 Ne7 12. Qb1 Qc8 13. Bh4 Nf5 14. Bxf5 exf5 15. Bxf6 gxf6 16. Nef3 Qe6 17. Re1 Ba6 18. Nh4 cxd4 19. exd4 {1-0 (28) Korobov,A (2692)-Dominguez Perez,L (2739) Doha 2016}) 11. Bh4 Ne4 12. Bxe4 dxe4 13. Ndc4 f6 $1 {Strongly threatening ...cxd4.} 14. Nxd6 Qxd6 15. Nc4 Qd5 16. Nd2 cxd4 $146 ({Predecessor:} 16... Nf5 17. Bg3 Nxg3 18. hxg3 cxd4 19. cxd4 {0-1 (32) Panic,N (2341)-Prraneeth,V (2281) Divcibare 2018}) 17. cxd4 Ba6 18. Re1 Nf5 19. Bg3 Rfc8 20. Qb3 Nxg3 (20... Rc6 $15) 21. hxg3 $11 Rc7 22. Rac1 Rac8 23. Rxc7 Rxc7 {[#]} 24. Qa3 (24. Nxe4 $1 $11 {[%mdl 512]} Qxb3 (24... Qxe4 25. Qa4) 25. axb3) 24... Bd3 25. Nb3 $1 h6 26. Rc1 Rxc1+ 27. Nxc1 Qc4 28. Nb3 a5 {Threatens to win with ...a4.} 29. Kh2 Qd5 30. Qe7 Kh7 (30... Bb1 $15 31. Nd2 Bxa2) 31. Qc7 (31. Qa7 $11) 31... a4 $36 {[%mdl 2048] Black is really pushing.} 32. Nc1 Qh5+ 33. Kg1 Qd1+ 34. Kh2 Qh5+ 35. Kg1 Qd1+ (35... Qa5 $15 36. Nxd3 exd3) 36. Kh2 $17 {[#]} Bc2 (36... b5 $1 $17 {And now ...Bc4 would win.} 37. Qc8 Bc4) 37. Qxb6 (37. d5 $1 $11) 37... Qh5+ ({Black should try} 37... Qxc1 $17 38. Qxe6 Bd3 39. Qf5+ Kh8) 38. Kg1 $11 Qd1+ (38... a3 $11) 39. Kh2 $17 Qh5+ 40. Kg1 Qd1+ {[%mdl 64] Double Attack} 41. Kh2 a3 ({Better is} 41... Qxc1 $17 42. Qxe6 Bd3 43. Qf5+ Kh8) 42. bxa3 $11 {The position is equal.} Qh5+ 43. Kg1 {White wants to play Qa6.} Qd1+ {[%mdl 64] Double Attack} 44. Kh2 Qxc1 45. Qxe6 Qd1 46. Qf5+ Kg8 47. g4 Qd3 48. Qc8+ Kh7 49. Qf5+ Kg8 50. Qe6+ Kh7 51. Qf5+ Kg8 52. Qc8+ Kh7 53. Qf5+ {Accuracy: White = 47%, Black = 36%.} 1/2-1/2

[Event "World Senior chT-50 2019"]
[Site "Rhodes"]
[Date "2019.04.24"]
[Round "9.23"]
[White "Neave, George"]
[Black "Hrisanthopoulos, Dimitrios"]
[Result "1/2-1/2"]
[WhiteElo "2101"]
[BlackElo "1995"]
[Annotator "NA"]
[PlyCount "27"]
[EventDate "2019.04.16"]
[EventType "team-tourn"]
[EventCountry "GRE"]
[SourceTitle "playchess.com"]
[Source "ChessBase"]
[SourceQuality "1"]
[WhiteTeam "Scotland"]
[BlackTeam "Greece"]
[WhiteTeamCountry "SCO"]
[BlackTeamCountry "GRE"]
[TimeControl "40/5400+30:1800+30"]

1. e4 {[%emt 0:00:00]} c5 {[%emt 0:00:00]} 2. Nf3 {[%emt 0:00:07]} e6 {[%emt 0:00:00]} 3. d4 {[%emt 0:00:15]} cxd4 {[%emt 0:00:00]} 4. Nxd4 {[%emt 0:00:06]} Nc6 {[%emt 0:00:06]} 5. Nc3 {[%emt 0:00:08]} Qc7 {[%emt 0:00:17]} 6. Be3 {[%emt 0:00:09]} a6 {[%emt 0:00:12]} 7. Qd2 {[%emt 0:00:04]} Nf6 {[%emt 0:01:04]} 8. O-O-O {[%emt 0:00:11]} Be7 {[%emt 0:02:19]} 9. f3 {[%emt 0:00:57]} b5 {[%emt 0:01:08]} 10. g4 {[%emt 0:02:22]} O-O {[%emt 0:00:33]} 11. g5 {[%emt 0:00:18]} Nh5 {[%emt 0:00:36]} 12. Nce2 {[%emt 0:03:28]} Nxd4 {[%emt 0:03:52]} 13. Nxd4 {[%emt 0:06:22]} Bb7 {[%emt 0:02:45]} 14. Be2 {[%emt 0:03:48]} 1/2-1/2

[Event "World Senior chT-50 2019"]
[Site "Rhodes"]
[Date "2019.04.24"]
[Round "9.24"]
[White "Papadimitriou, Loukas"]
[Black "Smith, Peter R"]
[Result "0-1"]
[WhiteElo "1943"]
[BlackElo "2038"]
[Annotator "NA"]
[PlyCount "80"]
[EventDate "2019.04.16"]
[EventType "team-tourn"]
[EventCountry "GRE"]
[SourceTitle "playchess.com"]
[Source "ChessBase"]
[SourceQuality "1"]
[WhiteTeam "Greece"]
[BlackTeam "Scotland"]
[WhiteTeamCountry "GRE"]
[BlackTeamCountry "SCO"]
[TimeControl "40/5400+30:1800+30"]

1. d4 {[%emt 0:00:00]} Nf6 {[%emt 0:00:00]} 2. c4 {[%emt 0:00:00]} c5 {[%emt 0:00:00]} 3. d5 {[%emt 0:00:00]} b5 {[%emt 0:00:00]} 4. cxb5 {[%emt 0:00:00]} a6 {[%emt 0:00:00]} 5. bxa6 {[%emt 0:00:15]} Bxa6 {[%emt 0:00:05]} 6. Nc3 {[%emt 0:01:04]} g6 {[%emt 0:00:09]} 7. e4 {[%emt 0:00:19]} Bxf1 {[%emt 0:00:07]} 8. Kxf1 {[%emt 0:00:03]} d6 {[%emt 0:00:12]} 9. g3 {[%emt 0:00:17]} Bg7 {[%emt 0:00:04]} 10. Kg2 {[%emt 0:00:03]} O-O {[%emt 0:00:13]} 11. Nf3 {[%emt 0:00:19]} Nbd7 {[%emt 0:00:04]} 12. a4 {[%emt 0:02:05]} Qa5 {[%emt 0:00:36]} 13. Qc2 {[%emt 0:00:08]} Rfb8 {[%emt 0:00:30]} 14. Nb5 {[%emt 0:00:14]} Qb4 {[%emt 0:07:41]} 15. Nc3 {[%emt 0:04:31]} Ng4 {[%emt 0:02:01]} 16. Rd1 {[%emt 0:06:40]} Nge5 {[%emt 0:01:26]} 17. Ne1 {[%emt 0:08:28]} Nc4 {[%emt 0:03:19]} 18. Nd3 {[%emt 0:01:21]} Qb3 {[%emt 0:03:26]} 19. Qe2 {[%emt 0:05:56]} Nde5 {[%emt 0:07:11]} 20. Bg5 {[%emt 0:05:07]} Nxd3 {[%emt 0:03:19]} 21. Rxd3 {[%emt 0:00:08]} Nxb2 {[%emt 0:02:35]} 22. Rb1 {[%emt 0:02:26]} Bxc3 {[%emt 0:02:36]} 23. Bxe7 {[%emt 0:00:49]} Qc4 {[%emt 0:03:24]} 24. Re3 {[%emt 0:00:04]} Qxe2 {[%emt 0:02:25]} 25. Rxe2 {[%emt 0:00:04]} Ra6 {[%emt 0:03:22]} 26. f4 {[%emt 0:04:42]} Re8 {[%emt 0:04:32]} 27. Bg5 {[%emt 0:02:09]} Nxa4 {[%emt 0:02:51]} 28. Rb7 {[%emt 0:00:12]} Nb6 {[%emt 0:04:12]} 29. Kf3 {[%emt 0:01:10]} Bd4 {[%emt 0:01:37]} 30. Be7 {[%emt 0:01:22]} Nc8 {[%emt 0:05:39]} 31. Bg5 {[%emt 0:00:14]} f6 {[%emt 0:00:54]} 32. Bh6 {[%emt 0:00:15]} Ra3+ {[%emt 0:02:46]} 33. Kg4 {[%emt 0:02:58]} f5+ {[%emt 0:02:07]} 34. Kg5 {[%emt 0:00:09]} fxe4 {[%emt 0:01:00]} 35. g4 {[%emt 0:00:42]} Ra7 {[%emt 0:02:03]} 36. Rxa7 {[%emt 0:02:30]} Nxa7 {[%emt 0:00:02]} 37. f5 {[%emt 0:00:09]} gxf5 {[%emt 0:02:52]} 38. gxf5 {[%emt 0:00:33]} Kf7 {[%emt 0:02:29]} 39. Kf4 {[%emt 0:00:10]} Nb5 {[%emt 0:02:08]} 40. Ra2 {[%emt 0:00:00]} e3 {[%emt 0:00:00]} 0-1

[Event "World Senior chT-50 2019"]
[Site "Rhodes"]
[Date "2019.04.24"]
[Round "9.25"]
[White "Lewis, Andrew P"]
[Black "Ross, David"]
[Result "1-0"]
[WhiteElo "2347"]
[BlackElo "2312"]
[Annotator "TA"]
[PlyCount "95"]
[EventDate "2019.04.16"]
[EventType "team-tourn"]
[EventCountry "GRE"]
[SourceTitle "playchess.com"]
[Source "ChessBase"]
[SourceQuality "1"]
[WhiteTeam "England"]
[BlackTeam "Canada"]
[WhiteTeamCountry "ENG"]
[BlackTeamCountry "CAN"]

{[%evp 18,95,53,47,52,36,77,38,67,65,68,31,31,37,33,33,109,104,156,140,229,238,278,274,260,252,267,257,258,260,266,246,245,171,233,31,166,166,163,161,161,166,166,116,186,173,234,206,187,174,261,251,267,277,275,257,329,250,322,247,310,304,304,318,304,309,427,420,412,408,533,426,799,668,743,687,677,635,29984,29981]} 1. c4 Nf6 2. Nc3 c5 3. Nf3 g6 4. d4 cxd4 5. Nxd4 Bg7 6. e4 d6 7. Be2 O-O 8. O-O Nc6 9. Be3 Bd7 10. h3 Re8 {B38: Sicilian: Maroczy Bind with 5...Bg7 and 7...0-0} (10... Nxd4 11. Bxd4 Bc6 12. Qc2 a5 13. Rad1 Nd7 14. Bxg7 Kxg7 15. Bg4 Ne5 16. c5 Nxg4 17. hxg4 Qc8 18. cxd6 Qxg4 19. dxe7 Rfe8 {1-0 (43) Cheparinov,I (2711)-Amin,B (2709) Zagreb 2018}) 11. Rc1 a6 12. Nb3 $146 ({Predecessor:} 12. Qd2 Qc7 13. Nd5 Qd8 14. Nc3 e6 15. Rfd1 Qe7 16. Nf3 Bf8 17. c5 dxc5 18. Bg5 Rad8 {1-0 (29) Kuciel,W (2170)-Prinzjakowitsch,B (2164) Vienna 2005}) 12... b6 {White is slightly better.} 13. f4 a5 {[%cal Ba6a5,Ba5a4,Ba4a3][%mdl 32]} 14. g4 a4 15. Nd2 a3 16. b3 {aiming for g5.} h6 (16... Nb4 $14) 17. Nf3 $16 Ra5 ({Black should play} 17... Qc8) 18. Qe1 e6 (18... Qb8 $16 {was worth a try.} 19. Rd1 Ra8) 19. Qf2 $18 Rc5 20. Bxc5 bxc5 21. e5 Nh7 22. Rcd1 ({Much less strong is} 22. exd6 $6 Nd4 $18) 22... dxe5 23. fxe5 (23. Qxc5 exf4 24. Ne4 Bf8 $11) 23... Qe7 24. Ne4 Nb4 25. Rd2 ({But not} 25. Nxc5 $6 Bc6 $16) 25... Rc8 (25... Bc6 {might work better.}) 26. Nxc5 $2 (26. Nd6 $18) 26... Bc6 {[#]} (26... Rxc5 $14 27. Rxd7 {[%mdl 64] Deflection} Qxd7 28. Qxc5 Bf8) 27. Nd3 $1 Bxf3 28. Bxf3 {Strongly threatening Nxb4.} Nxd3 29. Rxd3 Bxe5 30. Qe3 Bg7 (30... Bb8 $16 31. Qd2 Ng5) 31. Rfd1 Qh4 (31... Qc7 {keeps fighting.} 32. Kg2 Nf6) 32. Bg2 Bf8 {and if ...Bc5 works, Black does fine.} 33. Qf4 Ng5 (33... h5 $142 34. Rf1 f5) 34. Qg3 Bc5+ 35. Kf1 Qxg3 36. Rxg3 f5 37. Rgd3 Nf7 38. Rd7 Ne5 39. Rd8+ Rxd8 40. Rxd8+ {[%mdl 4096] Endgame KRB-KBN} Kf7 41. Rc8 Bd4 42. c5 Ke7 43. b4 Nd3 44. Rb8 e5 (44... Nxc5 $142 45. bxc5 Bxc5) 45. Rb7+ Kd8 46. gxf5 gxf5 47. c6 Nc1 48. Bd5 {Accuracy: White = 61%, Black = 33%.} 1-0

[Event "World Senior chT-50 2019"]
[Site "Rhodes"]
[Date "2019.04.24"]
[Round "9.26"]
[White "Ross, Paul"]
[Black "Frostick, Clive A"]
[Result "1/2-1/2"]
[WhiteElo "2237"]
[BlackElo "2121"]
[Annotator "NA"]
[PlyCount "74"]
[EventDate "2019.04.16"]
[EventType "team-tourn"]
[EventCountry "GRE"]
[SourceTitle "playchess.com"]
[Source "ChessBase"]
[SourceQuality "1"]
[WhiteTeam "Canada"]
[BlackTeam "England"]
[WhiteTeamCountry "CAN"]
[BlackTeamCountry "ENG"]
[TimeControl "40/5400+30:1800+30"]

1. d4 {[%emt 0:00:00]} d5 {[%emt 0:02:05]} 2. c4 {[%emt 0:00:22]} e6 {[%emt 0:00:26]} 3. Nf3 {[%emt 0:02:59]} Nf6 {[%emt 0:00:46]} 4. g3 {[%emt 0:01:05]} Bb4+ {[%emt 0:01:24]} 5. Bd2 {[%emt 0:03:20]} Be7 {[%emt 0:00:52]} 6. Bg2 {[%emt 0:01:38]} O-O {[%emt 0:00:48]} 7. O-O {[%emt 0:06:25]} c6 {[%emt 0:03:56]} 8. Qc2 {[%emt 0:01:31]} Nbd7 {[%emt 0:04:36]} 9. Bf4 {[%emt 0:01:06]} Nh5 {[%emt 0:09:22]} 10. Bc1 {[%emt 0:04:43]} Nhf6 {[%emt 0:18:02]} 11. Nbd2 {[%emt 0:05:38]} b6 {[%emt 0:03:59]} 12. e4 {[%emt 0:00:24]} dxe4 {[%emt 0:05:34]} 13. Nxe4 {[%emt 0:02:02]} Nxe4 {[%emt 0:01:19]} 14. Qxe4 {[%emt 0:00:08]} Bb7 {[%emt 0:00:19]} 15. Ne5 {[%emt 0:05:00]} Rc8 {[%emt 0:15:53]} 16. Bf4 {[%emt 0:09:11]} Nxe5 {[%emt 0:05:02]} 17. Bxe5 {[%emt 0:02:15]} Bd6 {[%emt 0:04:29]} 18. Qf4 {[%emt 0:05:33]} Bxe5 {[%emt 0:03:44]} 19. dxe5 {[%emt 0:00:06]} Qe7 {[%emt 0:04:36]} 20. Rad1 {[%emt 0:02:17]} c5 {[%emt 0:01:26]} 21. Rd6 {[%emt 0:01:55]} Rfd8 {[%emt 0:01:51]} 22. Rfd1 {[%emt 0:00:25]} Bxg2 {[%emt 0:00:52]} 23. Kxg2 {[%emt 0:01:23]} h6 {[%emt 0:06:23]} 24. Qd2 {[%emt 0:00:17]} Rxd6 {[%emt 0:00:11]} 25. exd6 {[%emt 0:00:06]} Qb7+ {[%emt 0:00:47]} 26. f3 {[%emt 0:00:29]} Rd8 {[%emt 0:00:13]} 27. Qd3 {[%emt 0:06:05]} Rd7 {[%emt 0:00:56]} 28. b3 {[%emt 0:00:59]} Qc6 {[%emt 0:00:28]} 29. h4 {[%emt 0:00:16]} f6 {[%emt 0:03:06]} 30. a3 {[%emt 0:00:25]} a5 {[%emt 0:00:13]} 31. g4 {[%emt 0:00:57]} Kf7 {[%emt 0:00:25]} 32. Kg3 {[%emt 0:01:37]} e5 {[%emt 0:00:49]} 33. Rd2 {[%emt 0:11:18]} Ke6 {[%emt 0:00:22]} 34. Qf5+ {[%emt 0:05:59]} Kf7 {[%emt 0:00:02]} 35. Qd3 {[%emt 0:06:19]} Ke6 {[%emt 0:00:02]} 36. Qh7 {[%emt 0:04:53]} Kf7 {[%emt 0:00:31]} 37. Qd3 {[%emt 0:06:10]} Ke6 {[%emt 0:00:31]} 1/2-1/2